00531pab a2200169 454500008004000000100002000040245007600060260000900136300001300145362001100158650002000169650002500189773001500214909001000229999001700239952010500256180718b2005 xxu||||| |||| 00| 0 eng d aPathak, Sukumar aM.A. Jinnah: father of Pakistan; atheist who divided India for religion c2005 ap.27-29. a28 Oct aIndia - History aJinnah, Mohammed Ali aMainstream a67502 c67502d67502 00104070aIIPAbIIPAd2018-07-19hVolume no: 43, Issue no: 45pAR67958r2018-07-19w2018-07-19yAR